The sound pattern of English

Guardat en:
Dades bibliogràfiques
Autors principals: Chomsky, Noam (Autor), Halle, Morris (Autor)
Format: Llibre
Idioma:anglès
Publicat: Nueva York Harper and Row 1968
Matèries:
Etiquetes: Afegir etiqueta
Sense etiquetes, Sigues el primer a etiquetar aquest registre!

MARC

LEADER 00000nam a2200000 a 4500
001 UCI2165
003 CL-VaPUC
008 070803e19680000US |||||||||||||||||eng|d
082 0 4 |a 421  |b CHO  |2 21 
100 0 |a Chomsky, Noam  |e author  |9 320717 
700 0 |a Halle, Morris  |e author  |9 523060 
245 1 4 |a The sound pattern of English  
300 |a 470 p 
942 |c BK 
945 |d 20070803 00:00:00  |a jtorresc 
260 |a Nueva York  |b Harper and Row  |c 1968 
650 0 |a Lenguaje   |9 265069 
650 0 |a Lingüística  |9 265068 
650 0 |a Fonética  |9 308371 
583 |a last modification  |c 20070803 00:00:00  |k Rodrigo Vera 
999 |c 326800  |d 326798 
952 |0 0  |1 0  |4 0  |6 421_000000000000000_CHO_1968  |7 0  |8 A  |9 408940  |a FDOPOS  |b FDOPOS  |d 2019-11-22  |i 4360877  |o 421 CHO 1968  |p 4360877  |r 2025-01-22  |w 2019-11-22  |y BK  |k MLA